000 01346cam a2200241 4500
001 ABS66925
008 030729n2003 000 0 eng u
035 _a(Sirsi) u123135
100 _aClark, C.
245 _aAre we wasting the 'peace dividend'?
260 _c2003
490 _aTown & Country Planning
_v72(5) June 2003, 150-154(5)
520 _aReports on the large-scale sale of redundant MOD sites and argues for changes to the current disposal system. Outlines arrangements for the sale of government land such as the 1992 Treasury rules (DOA 13/92) and highlights public criticism against the disposals system and Crown immunity. Suggests a number of key areas need addressing such as the Treasury rules, the Defence Estates' remit, the transparency of early stages before site release, the role of local authorities and communities, uncertainties in the MOD's planning, responsibility for decontamination, conservation issues and subsequent uses following initial sale. Briefly looks at good practice in the US and Sweden and provides some case studies of defence site re-use. References.
590 _aABS
650 _aLAND DISPOSAL
650 _aDEFENCE PROPERTY
650 _aDEFENCE ESTATES
650 _aGOVERNMENT LAND
650 _aCROWN IMMUNITY
650 _aMOD PROPERTY
690 _aPROPERTY
942 _n0
999 _c73119
_d73119